| 000 | 00680nam a2200205Ia 4500 | ||
|---|---|---|---|
| 003 | GCL | ||
| 008 | 140319s9999 xx 000 0 ara d | ||
| 040 |
_aGCL / _cGCL |
||
| 082 | 0 | 4 |
_a811.1 _bا ن |
| 100 | 1 | _aايليا الحاوى | |
| 245 | 1 | 0 |
_aالنابغة: سياسته وفنه ونفسيته / _cايليا الحاوى |
| 260 |
_a[S.N] : _bدار الثقافة العربية ، _c1981 |
||
| 300 | _a397 ص | ||
| 490 |
_aالمرجع فى اعلام الادب العربى _v0 |
||
| 650 | 0 | 4 | _aالشعر العربى |
| 650 | 0 | 4 | _aالادب العربى |
| 650 | 0 | 4 | _aالعصر الجاهلى |
| 650 | 0 | 4 | _aالنابغة الذبيانى |
| 942 |
_2ddc _cBK |
||
| 999 |
_c35338 _d35338 |
||